<?xml version="1.0" encoding="UTF-8"?>
<record
    xmlns:xsi="http://www.w3.org/2001/XMLSchema-instance"
    xsi:schemaLocation="http://www.loc.gov/MARC21/slim http://www.loc.gov/standards/marcxml/schema/MARC21slim.xsd"
    xmlns="http://www.loc.gov/MARC21/slim">

  <leader>03538nam a2200541Ia 4500</leader>
  <controlfield tag="001">295</controlfield>
  <controlfield tag="008">241029s9999    xx            000 0 und d</controlfield>
  <datafield tag="010" ind1=" " ind2=" ">
    <subfield code="a">263</subfield>
  </datafield>
  <datafield tag="041" ind1=" " ind2=" ">
    <subfield code="a">Espa&#xF1;ol</subfield>
  </datafield>
  <datafield tag="082" ind1=" " ind2=" ">
    <subfield code="a">4</subfield>
  </datafield>
  <datafield tag="245" ind1=" " ind2="0">
    <subfield code="a">Dise&#xF1;o del curso de Espermatograma en la plataforma Moodle y evaluaci&#xF3;n de los participantes, Facultad de Ciencias de la Salud, Universidad Aut&#xF3;noma de santo Domingo, 2010.</subfield>
  </datafield>
  <datafield tag="260" ind1=" " ind2=" ">
    <subfield code="a">Santo Domingo</subfield>
  </datafield>
  <datafield tag="300" ind1=" " ind2=" ">
    <subfield code="a">64</subfield>
  </datafield>
  <datafield tag="520" ind1=" " ind2=" ">
    <subfield code="a">8</subfield>
  </datafield>
  <datafield tag="630" ind1=" " ind2=" ">
    <subfield code="a">Evaluaci&#xF3;n</subfield>
  </datafield>
  <datafield tag="650" ind1=" " ind2=" ">
    <subfield code="a">Tecnolog&#xED;a Educativa</subfield>
  </datafield>
  <datafield tag="690" ind1=" " ind2=" ">
    <subfield code="a">Elaborado</subfield>
  </datafield>
  <datafield tag="700" ind1=" " ind2=" ">
    <subfield code="e">asesor</subfield>
    <subfield code="a">Aguasvivas, Rafael</subfield>
  </datafield>
  <datafield tag="700" ind1=" " ind2=" ">
    <subfield code="e">autor</subfield>
    <subfield code="a">Polanco, Jocelyn A.</subfield>
  </datafield>
  <datafield tag="700" ind1=" " ind2=" ">
    <subfield code="e">autor</subfield>
    <subfield code="a">Roques, Mariolga</subfield>
  </datafield>
  <datafield tag="700" ind1=" " ind2=" ">
    <subfield code="e">asesor</subfield>
    <subfield code="a">Grull&#xF3;n, Dionisio</subfield>
  </datafield>
  <datafield tag="901" ind1=" " ind2=" ">
    <subfield code="a">{"1":"Polanco","2":"Roques"}</subfield>
    <subfield code="b">{"1":"Jocelyn A.","2":"Mariolga"}</subfield>
  </datafield>
  <datafield tag="902" ind1=" " ind2=" ">
    <subfield code="a">2</subfield>
  </datafield>
  <datafield tag="903" ind1=" " ind2=" ">
    <subfield code="a">{"1":"Grull&#xF3;n","2":"Aguasvivas"}</subfield>
    <subfield code="b">{"1":"Dionisio","2":"Rafael"}</subfield>
  </datafield>
  <datafield tag="904" ind1=" " ind2=" ">
    <subfield code="a">Maestr&#xED;a en</subfield>
  </datafield>
  <datafield tag="905" ind1=" " ind2=" ">
    <subfield code="a">Tecnolog&#xED;a Educativa</subfield>
  </datafield>
  <datafield tag="906" ind1=" " ind2=" ">
    <subfield code="a">2</subfield>
  </datafield>
  <datafield tag="907" ind1=" " ind2=" ">
    <subfield code="a">NO APLICA</subfield>
  </datafield>
  <datafield tag="908" ind1=" " ind2=" ">
    <subfield code="a">NO APLICA</subfield>
  </datafield>
  <datafield tag="909" ind1=" " ind2=" ">
    <subfield code="a">Universidad Aut&#xF3;noma de Santo Domingo (UASD)</subfield>
  </datafield>
  <datafield tag="910" ind1=" " ind2=" ">
    <subfield code="a">NULL</subfield>
    <subfield code="b">NULL</subfield>
  </datafield>
  <datafield tag="911" ind1=" " ind2=" ">
    <subfield code="a">["1"]</subfield>
  </datafield>
  <datafield tag="912" ind1=" " ind2=" ">
    <subfield code="a">NO APLICA</subfield>
  </datafield>
  <datafield tag="913" ind1=" " ind2=" ">
    <subfield code="a">NULL</subfield>
  </datafield>
  <datafield tag="914" ind1=" " ind2=" ">
    <subfield code="a">04 de Abril de 2014</subfield>
  </datafield>
  <datafield tag="915" ind1=" " ind2=" ">
    <subfield code="a">05/12/19 11:12</subfield>
  </datafield>
  <datafield tag="916" ind1=" " ind2=" ">
    <subfield code="a">NULL</subfield>
  </datafield>
  <datafield tag="917" ind1=" " ind2=" ">
    <subfield code="a">NULL</subfield>
  </datafield>
  <datafield tag="918" ind1=" " ind2=" ">
    <subfield code="a">NO APLICA</subfield>
  </datafield>
  <datafield tag="919" ind1=" " ind2=" ">
    <subfield code="a">["97"]</subfield>
  </datafield>
  <datafield tag="520" ind1=" " ind2=" ">
    <subfield code="a">El objetivo general de este estudio consisti&#xF3; en dise&#xF1;ar e implementar el curso de Espermatograma en la plataforma Moodle y la evaluaci&#xF3;n de los participantes. Estableci&#xF3; entre sus objetivos espec&#xED;ficos adem&#xE1;s, describir la efectividad del uso de la plataforma Moodle, determinar las principales ventajas, desventajas y limitaciones observadas por los profesores y participantes en el uso de Espermatograma.&#xA0;El estudio fue de tipo descriptivo. Se involucr&#xF3; a once (11) estudiantes de t&#xE9;rmino de la Escuela de Bion&#xE1;lisis escogidos por conveniencia mediante entrevista con preguntas abiertas, ya que para la implementaci&#xF3;n de este curso los participantes ten&#xED;an que dominar el Internet y dominar el paquete Office, y se trabaj&#xF3; con una plataforma Moodle para el dise&#xF1;o del curso de Espermatograma, para ser utilizado en la Escuela de Bion&#xE1;lisis, Facultad Ciencias de la Salud, Universidad Aut&#xF3;noma de Santo Domingo. Se le suministr&#xF3; un cuestionario de pre-conocimiento para evaluar los saberes previos sobre el tema y poder comparar los resultados al finalizar el curso. Durante el curso se le asignaron: apareo, examen final, foros e informes de lectura.Entre las conclusiones planteadas en este estudio se encuentran: la plataforma Moodle es de f&#xE1;cil manejo, ya que se incorporan todos los elementos necesarios para la implementaci&#xF3;n del curso, incluyendo presentaciones diapositivas, manual de espermatograma, videos, evaluaci&#xF3;n de pre-conocimiento. Se debe adiestrar a los estudiantes antes de tomar el curso sobre la plataforma para que puedan realizar sus actividades; el objetivo de cualquier curso virtual es lograr el auto aprendizaje, el cual se logra a trav&#xE9;s de la motivaci&#xF3;n, si no hay motivaci&#xF3;n no hay aprendizaje de parte del participante. En consecuencia, se recomend&#xF3; involucrar docentes que tengan preparaci&#xF3;n en entornos virtuales y en la plataforma Moodle, inform&#xE1;ticos, personal que manejan videos, multimedia y personal que realicen los contenidos. Agregar a los cursos el Manual Moodle para estudiantes, entre otras.</subfield>
  </datafield>
  <datafield tag="921" ind1=" " ind2=" ">
    <subfield code="a">24</subfield>
  </datafield>
  <datafield tag="922" ind1=" " ind2=" ">
    <subfield code="a">24</subfield>
  </datafield>
  <datafield tag="923" ind1=" " ind2=" ">
    <subfield code="a">0</subfield>
  </datafield>
  <datafield tag="924" ind1=" " ind2=" ">
    <subfield code="a">NO APLICA</subfield>
  </datafield>
  <datafield tag="942" ind1=" " ind2=" ">
    <subfield code="c">Tesis</subfield>
  </datafield>
  <datafield tag="999" ind1=" " ind2=" ">
    <subfield code="c">263</subfield>
    <subfield code="d">263</subfield>
  </datafield>
</record>
